000 00999nam a2200301 i 4500
003 EG-GICUC
005 20260212193613.0
008 260212s1866 fr ||||fr ||| 000 0 fre d
040 _aEG-GICUC
_bfre
_cEG-GICUC
_dEG-GICUC
_erda
041 _afre
082 0 4 _221
_a341.9
_bMI . H
092 0 4 _221
099 _aLaw1 12 341.9 MI . H 1866
100 1 _a Minssen, J.-f.
_eAuteur
245 1 0 _aHistoire Du Dix-neuvième Siècle :
_bDepuis Les Traités De Vienne.
_nTome Neuvième /
_cPar J.-f. Minssen.
264 1 _aParis :
_bLibrairie Internationale,
_c1866.
300 _a333 Pages ;
_c30 cm.
_billustration ;
336 _atext
_2rda content
337 _aComputer
_2rda media
338 _aOnline Resource
_2rda carrier
504 _aBibliography: pages 200-250. 240-220
546 _aTexte en français
650 0 4 _aDroit international
_2qrmak
_x Histoire
651 1 _2qrmak
856 _uhttps://fll.law.cu.edu.eg/fulltext/th/B12-02240.pdf
905 _a79
942 _2ddc
_cBK
_e21
_n0
999 _c62970
_d62970